000 00863cab a2200265 4500
001 ABS54164
008 090401t1996 xxu||||| |||| 00| 0 eng d
035 _a(Sirsi) u8859
041 _aeng
100 _aGreen, D.
245 4 _aThe search for cheap heat
260 _c1996
350 _a0
490 _aHousing
_v31(10) December 1995/January 1996, 27-28(2)
520 _aExplains how local authorities are looking to community heating to deliver affordable warmth to groups of homes. Gives examples from Manchester, Nottingham and Glasgow.
650 _aCOMBINED HEAT AND POWER
650 _aCOMMUNITY HEATING SYSTEMS
650 _aENERGY EFFICIENCY
650 _aHEATING SYSTEMS
650 _aLOCAL AUTHORITIES
650 _aSUSTAINABLE DEVELOPMENT
690 _aENVIRONMENTAL AND LAND CONSULTANCY-ENERGY
942 _n0
948 _c04/03/1997
999 _c5485
_d5485